000 00452nam a2200133Ia 4500
008 231217s9999 xx 000 0 und d
020 _a9800000000000
041 _aEnglish
082 _a001.64404 FRA;1
100 _aFrancis, Tim. Herness, Eric. High, Rob...[et al]
245 0 _aProfessional IBM webphere 5.0 application server : a guide to building J2EE applications from IBM webphere architects
260 _c2003
_bShroff
_aMumbai
942 _cAA
999 _c192697
_d192697